[Event "Hull-ch2"]
[Site "Hull CAN"]
[Date "2001.03.20"]
[Round "3"]
[White "Papineau, Andre"]
[Black "Lemieux, Richard"]
[Result "0-1"]
[WhiteElo "1707"]
[BlackElo "1782"]
[PlyCount "64"]
[GameId "2160767911610343"]
[EventDate "2001.03.06"]
[EventType "tourn"]
[EventRounds "5"]
[EventCountry "CAN"]
[SourceTitle "EXT 2005"]
[Source "ChessBase"]
[SourceDate "2004.11.15"]
[SourceVersion "1"]
[SourceVersionDate "2004.11.15"]
[SourceQuality "1"]

1. d4 Nf6 2. Nf3 g6 3. g3 Bg7 4. Bg2 d6 5. O-O c6 6. c4 O-O 7. Nc3 Nbd7 8. e4 e5 9. d5 Nc5 10. Bg5 h6 11. Bxf6 Qxf6 12. b4 Nd7 13. Qd3 c5 14. b5 b6 15. a4 Qe7 16. Nd2 f5 17. f3 f4 18. g4 Qh4 19. Qe2 a5 20. Qf2 Qe7 21. Rfd1 Bf6 22. Nf1 Bh4 23. Qc2 Nf6 24. h3 h5 25. Nh2 hxg4 26. hxg4 Rf7 27. Bh3 Rh7 28. Qg2 Kf7 29. Kf1 Bg3 30. Ke2 Bxh2 31. Qxh2 Nxg4 32. Qg2 Ne3 0-1

[Event "Hull-ch2"]
[Site "Hull CAN"]
[Date "2001.03.27"]
[Round "4"]
[White "Lafontaine, Claude"]
[Black "Papineau, Andre"]
[Result "1-0"]
[WhiteElo "1665"]
[BlackElo "1707"]
[PlyCount "77"]
[GameId "2160767911610344"]
[EventDate "2001.03.06"]
[EventType "tourn"]
[EventRounds "5"]
[EventCountry "CAN"]
[SourceTitle "EXT 2005"]
[Source "ChessBase"]
[SourceDate "2004.11.15"]
[SourceVersion "1"]
[SourceVersionDate "2004.11.15"]
[SourceQuality "1"]

1. d4 Nf6 2. c4 c5 3. dxc5 Qa5+ 4. Nc3 Qxc5 5. e4 d6 6. Be3 Qc7 7. f3 Nc6 8. Bd3 g6 9. Qd2 Bg7 10. Rc1 b6 11. Nge2 O-O 12. Bh6 Ne5 13. Bxg7 Kxg7 14. Nd5 Nxd3+ 15. Qxd3 Nxd5 16. cxd5 Qb7 17. Qc3+ Kg8 18. Qc7 Re8 19. Qc6 Kf8 20. Nd4 Rb8 21. Qc3 Kg8 22. O-O Bd7 23. Qc7 Rec8 24. Qxb7 Rxb7 25. Rxc8+ Bxc8 26. Rc1 Bd7 27. Nc6 Kf8 28. Nd8 Rb8 29. Nc6 Rc8 30. a4 a6 31. b4 b5 32. axb5 axb5 33. Kf2 Bxc6 34. dxc6 Ke8 35. Ke3 Kd8 36. Kd4 Kc7 37. e5 dxe5+ 38. Kc5 Rb8 39. Rd1 1-0

[Event "Hull-ch2"]
[Site "Hull CAN"]
[Date "2001.03.27"]
[Round "4"]
[White "Lemieux, Richard"]
[Black "Lacourse, Guy"]
[Result "0-1"]
[WhiteElo "1782"]
[BlackElo "1687"]
[PlyCount "74"]
[GameId "2160767911610345"]
[EventDate "2001.03.06"]
[EventType "tourn"]
[EventRounds "5"]
[EventCountry "CAN"]
[SourceTitle "EXT 2005"]
[Source "ChessBase"]
[SourceDate "2004.11.15"]
[SourceVersion "1"]
[SourceVersionDate "2004.11.15"]
[SourceQuality "1"]

1. c4 Nf6 2. g3 e6 3. Bg2 c5 4. Nc3 d6 5. Nf3 Nc6 6. O-O a6 7. e3 Be7 8. d4 cxd4 9. Nxd4 Bd7 10. Re1 O-O 11. b3 Qc7 12. Ba3 Rad8 13. Nf3 d5 14. Bxe7 Nxe7 15. Nd2 dxc4 16. Rc1 b5 17. Qe2 b4 18. Nce4 Nxe4 19. Rxc4 Qa5 20. Bxe4 Bb5 21. Bxh7+ Kxh7 22. Rh4+ Kg8 23. Qh5 f6 24. Ne4 Rd5 25. Qh7+ Kf7 26. Rg4 Rg8 27. Rf4 Rf5 28. Nd6+ Kf8 29. Nxf5 Nxf5 30. Rd1 Qc7 31. g4 Be2 32. Re1 Bxg4 33. Rxg4 Kf7 34. Rxb4 Qc3 35. Rb7+ Ne7 36. Qg6+ Kxg6 37. Rxe7 Qxe1+ 0-1

[Event "Hull-ch2"]
[Site "Hull CAN"]
[Date "2001.03.27"]
[Round "4"]
[White "Rose, Richard"]
[Black "Roy, Roger"]
[Result "1-0"]
[WhiteElo "1771"]
[BlackElo "1713"]
[PlyCount "117"]
[GameId "2160767911610346"]
[EventDate "2001.03.06"]
[EventType "tourn"]
[EventRounds "5"]
[EventCountry "CAN"]
[SourceTitle "EXT 2005"]
[Source "ChessBase"]
[SourceDate "2004.11.15"]
[SourceVersion "1"]
[SourceVersionDate "2004.11.15"]
[SourceQuality "1"]

1. e4 c6 2. d4 d5 3. Nc3 dxe4 4. Nxe4 Nf6 5. Nxf6+ gxf6 6. f4 Bf5 7. Bd3 Rg8 8. g3 Qd5 9. Nf3 Bg4 10. Rf1 Bxf3 11. Qxf3 Qxd4 12. c3 Qd5 13. Be4 Qb5 14. Bxh7 Rh8 15. Bd3 Qd5 16. Be4 Qb5 17. Rf2 f5 18. Bd3 Qd5 19. Qxd5 cxd5 20. Bxf5 e6 21. Bd3 Bc5 22. Rg2 Nc6 23. Bb5 a6 24. Bxc6+ bxc6 25. b3 Kd7 26. Ke2 Rag8 27. Be3 Bxe3 28. Kxe3 Rh3 29. Rd1 Rgh8 30. Rdd2 c5 31. b4 Kc6 32. a4 Rb8 33. Rb2 d4+ 34. Kd3 dxc3 35. Kxc3 Rh5 36. Rgd2 e5 37. bxc5 Rxb2 38. Rxb2 exf4 39. Rb6+ Kxc5 40. Rxa6 Rxh2 41. Ra5+ Kc6 42. gxf4 Rh3+ 43. Kd4 Rb3 44. Ke5 Rb4 45. f5 Rb7 46. Ra6+ Kc5 47. a5 Rd7 48. Ra8 Kb5 49. Kf6 Rc7 50. a6 Kb6 51. a7 Rd7 52. Rf8 Rxa7 53. Rxf7 Ra6 54. Kg7 Kc5 55. f6 Kd5 56. Re7 Ra1 57. f7 Rg1+ 58. Kf8 Kd6 59. Ke8 1-0

[Event "Hull-ch2"]
[Site "Hull CAN"]
[Date "2001.04.03"]
[Round "5"]
[White "Lacourse, Guy"]
[Black "Lafontaine, Claude"]
[Result "1/2-1/2"]
[WhiteElo "1687"]
[BlackElo "1665"]
[PlyCount "83"]
[GameId "2160767911610347"]
[EventDate "2001.03.06"]
[EventType "tourn"]
[EventRounds "5"]
[EventCountry "CAN"]
[SourceTitle "EXT 2005"]
[Source "ChessBase"]
[SourceDate "2004.11.15"]
[SourceVersion "1"]
[SourceVersionDate "2004.11.15"]
[SourceQuality "1"]

1. d4 Nf6 2. Nf3 e6 3. c4 b6 4. Bg5 Bb7 5. e3 Be7 6. Nc3 d5 7. Rc1 Nbd7 8. Bd3 Rc8 9. O-O O-O 10. a3 c5 11. cxd5 Nxd5 12. Bxe7 Qxe7 13. Nxd5 exd5 14. Bf5 Rc7 15. dxc5 Rxc5 16. Qa4 Ne5 17. Nd4 a6 18. b4 b5 19. Qb3 Rc4 20. Bb1 Rfc8 21. Nf5 Qc7 22. Rxc4 Qxc4 23. Qxc4 Rxc4 24. Ba2 Rc7 25. Nd6 Nc4 26. Nxb7 Rxb7 27. Rc1 Kf8 28. Kf1 Ke7 29. Rc3 Rc7 30. Ke2 f5 31. Bb3 Kd6 32. Rd3 Ke6 33. Ba2 Nb6 34. Kd2 Nc4+ 35. Bxc4 Rxc4 36. Rd4 Ke5 37. f4+ Ke6 38. Rd3 h6 39. h4 h5 40. Rc3 g6 41. g3 Kd6 42. Rd3 1/2-1/2

[Event "Hull-ch2"]
[Site "Hull CAN"]
[Date "2001.04.03"]
[Round "5"]
[White "Roy, Roger"]
[Black "Lemieux, Richard"]
[Result "0-1"]
[WhiteElo "1713"]
[BlackElo "1782"]
[PlyCount "114"]
[GameId "2160767911610349"]
[EventDate "2001.03.06"]
[EventType "tourn"]
[EventRounds "5"]
[EventCountry "CAN"]
[SourceTitle "EXT 2005"]
[Source "ChessBase"]
[SourceDate "2004.11.15"]
[SourceVersion "1"]
[SourceVersionDate "2004.11.15"]
[SourceQuality "1"]

1. c4 f5 2. d4 e6 3. g3 Nf6 4. Bg2 d5 5. Nf3 Be7 6. O-O O-O 7. Nbd2 Nc6 8. a3 Ne4 9. cxd5 exd5 10. b4 Bf6 11. Bb2 a6 12. e3 Qd6 13. Qc2 Be6 14. Rac1 Bf7 15. Ne5 Nxd2 16. Nxf7 Rxf7 17. Qxd2 Ne7 18. Qc2 c6 19. Bh3 g6 20. Qb3 Nc8 21. a4 Nb6 22. Bg2 Nc4 23. Bc3 b5 24. Rc2 Nb6 25. a5 Nc4 26. Re2 Re8 27. Qc2 Rfe7 28. Rfe1 Re6 29. Kh1 Qe7 30. Bf3 Qf8 31. g4 fxg4 32. Bxg4 Re4 33. Bd7 Bh4 34. f4 Bxe1 35. Bxe8 Bxc3 36. Bxc6 Qd6 37. Bxb5 axb5 38. Qxc3 Qe6 39. Qd3 Qh3 40. Rf2 Rxe3 41. Qf1 Qe6 42. Qg2 Re1+ 43. Rf1 Rxf1+ 44. Qxf1 Qe4+ 45. Qg2 Qxd4 46. Qe2 Kf7 47. f5 Ne3 48. fxg6+ Kxg6 49. Kg1 Nc4+ 50. Kg2 Qe4+ 51. Qf3 Qxf3+ 52. Kxf3 Kf5 53. a6 Ke5 54. a7 Nb6 55. Ke3 h5 56. h4 d4+ 57. Kd3 Kd5 0-1

[Event "Hull-ch3"]
[Site "Hull CAN"]
[Date "2001.03.20"]
[Round "3"]
[White "Dallaire, Dominic"]
[Black "Lavergne, Daniel"]
[Result "1-0"]
[WhiteElo "1476"]
[BlackElo "1618"]
[PlyCount "41"]
[GameId "2160767911610350"]
[EventDate "2001.03.06"]
[EventType "tourn"]
[EventRounds "5"]
[EventCountry "CAN"]
[SourceTitle "EXT 2005"]
[Source "ChessBase"]
[SourceDate "2004.11.15"]
[SourceVersion "1"]
[SourceVersionDate "2004.11.15"]
[SourceQuality "1"]

1. e4 c5 2. Nf3 d6 3. d4 cxd4 4. Nxd4 Nf6 5. Nc3 a6 6. a4 e5 7. Nb3 Be6 8. Nd2 Qc7 9. Nf3 h6 10. h3 b6 11. Be3 Nbd7 12. Be2 Be7 13. O-O O-O 14. Nd5 Bxd5 15. exd5 e4 16. Nd4 Nxd5 17. Nf5 N7f6 18. Bd2 Qd7 19. Bg4 Nxg4 20. Qxg4 Qxf5 21. Qxf5 1-0

[Event "Jack Taylor mem."]
[Site "Victoria CAN"]
[Date "2001.11.17"]
[Round "1"]
[White "Beaudin, Jesse"]
[Black "Moore, Harry"]
[Result "0-1"]
[WhiteElo "1599"]
[BlackElo "2257"]
[PlyCount "84"]
[GameId "2160767911484889"]
[EventDate "2001.11.17"]
[EventType "swiss"]
[EventRounds "5"]
[EventCountry "CAN"]
[SourceTitle "EXT 2022"]
[Source "ChessBase"]
[SourceDate "2021.10.06"]
[SourceVersion "1"]
[SourceVersionDate "2021.10.06"]
[SourceQuality "1"]

1. d4 Nf6 2. c4 c5 3. Nc3 cxd4 4. Qxd4 Nc6 5. Qd1 e5 6. e3 Bb4 7. Bd2 O-O 8. Bd3 d5 9. cxd5 Nxd5 10. Qc2 Bxc3 11. Bxh7+ Kh8 12. bxc3 f5 13. e4 Nde7 14. Bxf5 Nxf5 15. exf5 Bxf5 16. Qa4 e4 17. Ne2 Ne5 18. Be3 Nd3+ 19. Kf1 Qe7 20. Rb1 Nxf2 21. Kg1 Nxh1 22. Kxh1 b6 23. Nf4 Bh7 24. Qd1 Rae8 25. Qh5 Qf7 26. Qxf7 Rxf7 27. g4 Ref8 28. Ne6 Rf1+ 29. Rxf1 Rxf1+ 30. Kg2 Ra1 31. Kg3 Rxa2 32. Bd4 Kg8 33. Nxg7 e3 34. Bxe3 Kxg7 35. Bd4+ Kf7 36. h4 b5 37. Kf4 a5 38. h5 a4 39. g5 a3 40. g6+ Bxg6 41. hxg6+ Kxg6 42. Ke3 Rg2 0-1

[Event "Jack Taylor mem."]
[Site "Victoria CAN"]
[Date "2001.11.17"]
[Round "1"]
[White "Herder, David"]
[Black "Hanrahan, Nigel"]
[Result "1-0"]
[WhiteElo "2278"]
[BlackElo "1682"]
[PlyCount "67"]
[GameId "2160767911484890"]
[EventDate "2001.11.17"]
[EventType "swiss"]
[EventRounds "5"]
[EventCountry "CAN"]
[SourceTitle "EXT 2022"]
[Source "ChessBase"]
[SourceDate "2021.10.06"]
[SourceVersion "1"]
[SourceVersionDate "2021.10.06"]
[SourceQuality "1"]

1. d4 d5 2. Bf4 e6 3. Nf3 Bd6 4. e3 Bxf4 5. exf4 Qd6 6. Qd2 b6 7. Nc3 c6 8. a4 Ba6 9. a5 bxa5 10. Bxa6 Nxa6 11. Rxa5 Nc7 12. O-O Ne7 13. Rfa1 Nc8 14. Na4 O-O 15. Nc5 Rb8 16. b3 f6 17. g3 Re8 18. Re1 Rb5 19. Raa1 Rxc5 20. dxc5 Qxc5 21. Nd4 e5 22. fxe5 fxe5 23. Nf3 e4 24. Nd4 Nb5 25. Nxb5 Qxb5 26. Ra5 Qb6 27. c4 Qxb3 28. cxd5 cxd5 29. Rxd5 Qb6 30. Rd7 e3 31. Rxe3 Qxe3 32. Qxe3 Rxe3 33. fxe3 a5 34. Rd8+ 1-0

[Event "Jack Taylor mem."]
[Site "Victoria CAN"]
[Date "2001.11.17"]
[Round "1"]
[White "Leblanc, Paul"]
[Black "Raymer, Evan"]
[Result "1-0"]
[WhiteElo "2107"]
[BlackElo "1257"]
[PlyCount "45"]
[GameId "2160767911484892"]
[EventDate "2001.11.17"]
[EventType "swiss"]
[EventRounds "5"]
[EventCountry "CAN"]
[SourceTitle "EXT 2022"]
[Source "ChessBase"]
[SourceDate "2021.10.06"]
[SourceVersion "1"]
[SourceVersionDate "2021.10.06"]
[SourceQuality "1"]

1. d4 Nf6 2. c3 d5 3. Nf3 Bf5 4. Nbd2 e6 5. Qb3 Qc8 6. h3 Nc6 7. Nh4 Ne7 8. Nxf5 Nxf5 9. e3 Bd6 10. Bd3 Ne7 11. O-O O-O 12. e4 dxe4 13. Nxe4 Nfd5 14. Nxd6 cxd6 15. c4 Nf4 16. Bxf4 d5 17. Bd6 Qd7 18. Bxe7 Qxe7 19. cxd5 exd5 20. Rfe1 Qd7 21. Re5 Rfd8 22. Rae1 Rac8 23. Bf5 1-0

[Event "Jack Taylor mem."]
[Site "Victoria CAN"]
[Date "2001.11.17"]
[Round "2"]
[White "Hanrahan, Nigel"]
[Black "Beaudin, Jesse"]
[Result "1-0"]
[WhiteElo "1682"]
[BlackElo "1599"]
[PlyCount "75"]
[GameId "2160767911484895"]
[EventDate "2001.11.17"]
[EventType "swiss"]
[EventRounds "5"]
[EventCountry "CAN"]
[SourceTitle "EXT 2022"]
[Source "ChessBase"]
[SourceDate "2021.10.06"]
[SourceVersion "1"]
[SourceVersionDate "2021.10.06"]
[SourceQuality "1"]

1. c4 e5 2. g3 d5 3. Bg2 c6 4. cxd5 cxd5 5. d4 e4 6. Nc3 Nc6 7. e3 Nb4 8. Bf1 Be6 9. a3 Nc6 10. b4 Nf6 11. Bb2 Be7 12. Bg2 O-O 13. f3 exf3 14. Nxf3 Re8 15. O-O Bg4 16. h3 Bh5 17. g4 Bg6 18. b5 Na5 19. Ne5 Be4 20. Nxe4 Nxe4 21. Bxe4 dxe4 22. Rxf7 Bg5 23. Rxb7 Bxe3+ 24. Kh1 Rxe5 25. Rxg7+ Kxg7 26. dxe5 Qxd1+ 27. Rxd1 Nc4 28. Bc3 Nxa3 29. e6+ Kg6 30. e7 Nxb5 31. Rd8 Rxd8 32. exd8=Q Nxc3 33. Qg8+ Kh6 34. Qe6+ Kg5 35. Qe5+ Kh4 36. Qxc3 Bb6 37. Kg2 e3 38. Qf6# 1-0

[Event "Jack Taylor mem."]
[Site "Victoria CAN"]
[Date "2001.11.17"]
[Round "2"]
[White "Moore, Harry"]
[Black "Herder, David"]
[Result "1/2-1/2"]
[WhiteElo "2257"]
[BlackElo "2278"]
[PlyCount "48"]
[GameId "2160767911484896"]
[EventDate "2001.11.17"]
[EventType "swiss"]
[EventRounds "5"]
[EventCountry "CAN"]
[SourceTitle "EXT 2022"]
[Source "ChessBase"]
[SourceDate "2021.10.06"]
[SourceVersion "1"]
[SourceVersionDate "2021.10.06"]
[SourceQuality "1"]

1. d4 b6 2. e4 e6 3. Nf3 Bb7 4. Bd3 c5 5. c3 cxd4 6. cxd4 Nf6 7. Nbd2 d5 8. e5 Ne4 9. O-O Nxd2 10. Bxd2 Be7 11. a3 O-O 12. b4 a5 13. b5 Nd7 14. Re1 Re8 15. h3 f6 16. exf6 Bxf6 17. Ne5 Bxe5 18. dxe5 Nc5 19. Bc3 d4 20. Bb2 Qd5 21. f3 Qb3 22. Qxb3 Nxb3 23. Rad1 Rac8 24. Bb1 Rc5 1/2-1/2

[Event "Jack Taylor mem."]
[Site "Victoria CAN"]
[Date "2001.11.17"]
[Round "2"]
[White "Tate, William"]
[Black "Stanford, Mike"]
[Result "1/2-1/2"]
[WhiteElo "1971"]
[BlackElo "2180"]
[PlyCount "60"]
[GameId "2160767911484897"]
[EventDate "2001.11.17"]
[EventType "swiss"]
[EventRounds "5"]
[EventCountry "CAN"]
[SourceTitle "EXT 2022"]
[Source "ChessBase"]
[SourceDate "2021.10.06"]
[SourceVersion "1"]
[SourceVersionDate "2021.10.06"]
[SourceQuality "1"]

1. e4 c5 2. Nf3 e6 3. d4 cxd4 4. Nxd4 Nc6 5. Be3 Nf6 6. Nc3 Qc7 7. Ndb5 Qb8 8. Bd3 a6 9. Nd4 Qc7 10. O-O Nxd4 11. Bxd4 Bc5 12. Ne2 b5 13. c4 Bb7 14. f3 Bd6 15. h3 Nh5 16. Rc1 Bh2+ 17. Kh1 O-O 18. Qd2 Bf4 19. Be3 Bxe3 20. Qxe3 Ng3+ 21. Nxg3 Qxg3 22. Qe2 Rfe8 23. f4 Rac8 24. Rf3 Qh4 25. Kh2 f5 26. g3 Qh6 27. Qe3 fxe4 28. cxb5 axb5 29. Kg2 Qg6 30. Re1 Kf8 1/2-1/2

[Event "Jack Taylor mem."]
[Site "Victoria CAN"]
[Date "2001.11.17"]
[Round "3"]
[White "Beaudin, Jesse"]
[Black "Tate, William"]
[Result "0-1"]
[WhiteElo "1599"]
[BlackElo "1971"]
[PlyCount "49"]
[GameId "2160767911484898"]
[EventDate "2001.11.17"]
[EventType "swiss"]
[EventRounds "5"]
[EventCountry "CAN"]
[SourceTitle "EXT 2022"]
[Source "ChessBase"]
[SourceDate "2021.10.06"]
[SourceVersion "1"]
[SourceVersionDate "2021.10.06"]
[SourceQuality "1"]

1. f4 Nf6 2. Nc3 d5 3. e3 Bf5 4. Nf3 h6 5. Bd3 Ne4 6. Bxe4 dxe4 7. Nd4 Bh7 8. O-O c5 9. Nb3 e6 10. Qe2 a6 11. a4 Qc7 12. d3 exd3 13. cxd3 Bd6 14. Qg4 Nc6 15. Ne4 f5 16. Nxd6+ Qxd6 17. Qxg7 O-O-O 18. Qc3 b6 19. d4 Rhg8 20. dxc5 Qd5 21. g3 h5 22. cxb6 h4 23. Kf2 h3 24. Rg1 e5 25. fxe5 0-1

[Event "Jack Taylor mem."]
[Site "Victoria CAN"]
[Date "2001.11.17"]
[Round "3"]
[White "Stanford, Mike"]
[Black "Moore, Harry"]
[Result "0-1"]
[WhiteElo "2180"]
[BlackElo "2257"]
[PlyCount "161"]
[GameId "2160767911484901"]
[EventDate "2001.11.17"]
[EventType "swiss"]
[EventRounds "5"]
[EventCountry "CAN"]
[SourceTitle "EXT 2022"]
[Source "ChessBase"]
[SourceDate "2021.10.06"]
[SourceVersion "1"]
[SourceVersionDate "2021.10.06"]
[SourceQuality "1"]

1. e4 c5 2. Nf3 d6 3. d4 cxd4 4. Nxd4 Nf6 5. Nc3 g6 6. Be3 Bg7 7. f3 Nc6 8. Qd2 O-O 9. Bc4 Bd7 10. O-O-O Rc8 11. Bb3 Ne5 12. Bg5 Nc4 13. Bxc4 Rxc4 14. Nde2 Qa5 15. Kb1 Rfc8 16. Bxf6 exf6 17. Nd5 Qd8 18. Ne3 R4c6 19. Nd4 Ra6 20. Qd3 f5 21. exf5 Qa5 22. a3 Qc5 23. Nb3 Qe5 24. Qd4 Bxf5 25. Qxe5 dxe5 26. Nxf5 gxf5 27. Rd7 Rb6 28. Re1 Rbc6 29. Re2 R6c7 30. Rd5 b6 31. c3 f6 32. Kc2 Kf7 33. Rd3 Bh6 34. Rd1 Rg8 35. g3 Bg7 36. Nd2 Rd8 37. Nf1 Rxd1 38. Kxd1 Bh6 39. Kc2 Re7 40. Kd3 f4 41. g4 Ke6 42. Ke4 Bf8 43. Rd2 Re8 44. Rd3 Rc8 45. Rd2 Be7 46. h3 Rc7 47. Rd1 b5 48. Kd3 a5 49. Nd2 Rc8 50. c4 b4 51. axb4 Bxb4 52. Ne4 Rh8 53. Kc2 h5 54. c5 hxg4 55. hxg4 Rc8 56. Rd6+ Ke7 57. Rd5 Ke6 58. Rd6+ Ke7 59. Rxf6 Bxc5 60. Rf5 Bd4+ 61. Nc3 Ke6 62. Rh5 Bxc3 63. bxc3 Kd5 64. Rh1 Ra8 65. Kd3 a4 66. c4+ Kc5 67. Re1 a3 68. Rxe5+ Kb4 69. Rb5+ Ka4 70. Kc3 Re8 71. Rb4+ Ka5 72. Rb5+ Ka4 73. Rb7 Re3+ 74. Kd4 Rxf3 75. Ke4 Rf1 76. Ra7+ Kb4 77. c5 Kb3 78. c6 Rc1 79. c7 a2 80. Kxf4 Rxc7 81. g5 0-1

[Event "Jack Taylor mem."]
[Site "Victoria CAN"]
[Date "2001.11.18"]
[Round "4"]
[White "Beaudin, Jesse"]
[Black "Stanford, Mike"]
[Result "0-1"]
[WhiteElo "1599"]
[BlackElo "2180"]
[PlyCount "100"]
[GameId "2160767911484902"]
[EventDate "2001.11.17"]
[EventType "swiss"]
[EventRounds "5"]
[EventCountry "CAN"]
[SourceTitle "EXT 2022"]
[Source "ChessBase"]
[SourceDate "2021.10.06"]
[SourceVersion "1"]
[SourceVersionDate "2021.10.06"]
[SourceQuality "1"]

1. e4 e6 2. d4 d5 3. Nc3 Nf6 4. e5 Nfd7 5. f4 c5 6. Nf3 Nc6 7. Be3 cxd4 8. Nxd4 Bc5 9. Nxc6 bxc6 10. Bxc5 Nxc5 11. Qd4 Nd7 12. Na4 Qa5+ 13. Nc3 O-O 14. Qa4 Qb6 15. O-O-O Rb8 16. b3 Nc5 17. Qd4 Qa5 18. Kb2 Bd7 19. Nb1 Nb7 20. Qc3 Qxc3+ 21. Nxc3 c5 22. a4 Na5 23. Bb5 Bxb5 24. Nxb5 a6 25. Nd6 c4 26. Rb1 cxb3 27. Kc3 bxc2 28. Kxc2 Nc6 29. Rxb8 Rxb8 30. Rb1 Nd4+ 31. Kc1 Ne2+ 32. Kc2 Rxb1 33. Kxb1 Nc3+ 34. Kb2 Nxa4+ 35. Ka3 Nc5 36. g3 a5 37. Nb5 f6 38. Nd4 fxe5 39. fxe5 Kf7 40. Nc6 Kg6 41. Nxa5 Kf5 42. Nc6 Nd3 43. Kb3 Nxe5 44. Nd4+ Kf6 45. Kc3 Ng4 46. Nf3 e5 47. h3 Nf2 48. h4 Ne4+ 49. Kd3 Nxg3 50. Ng5 h6 0-1

[Event "Jack Taylor mem."]
[Site "Victoria CAN"]
[Date "2001.11.18"]
[Round "5"]
[White "Moore, Harry"]
[Black "Leblanc, Paul"]
[Result "1-0"]
[WhiteElo "2257"]
[BlackElo "2107"]
[PlyCount "67"]
[GameId "2160767911484904"]
[EventDate "2001.11.17"]
[EventType "swiss"]
[EventRounds "5"]
[EventCountry "CAN"]
[SourceTitle "EXT 2022"]
[Source "ChessBase"]
[SourceDate "2021.10.06"]
[SourceVersion "1"]
[SourceVersionDate "2021.10.06"]
[SourceQuality "1"]

1. c4 Nf6 2. Nc3 c6 3. e4 e5 4. Nf3 d6 5. d4 Qc7 6. Be2 Bg4 7. d5 a5 8. O-O Be7 9. Be3 O-O 10. Nd2 Bxe2 11. Qxe2 Nbd7 12. b3 Nxe4 13. Ndxe4 f5 14. Ng5 Bxg5 15. Bxg5 f4 16. f3 Rf5 17. Bh4 Rh5 18. Bf2 Qd8 19. Ne4 Nf6 20. dxc6 bxc6 21. Rad1 Nxe4 22. Qxe4 Qc7 23. Rd2 Rf8 24. g4 fxg3 25. Bxg3 Rg5 26. f4 Rg4 27. Qe2 h5 28. fxe5 Rxf1+ 29. Kxf1 dxe5 30. Qxe5 Qf7+ 31. Rf2 Qg6 32. Qf5 Qe8 33. Bd6 Qe3 34. Qf7+ 1-0

[Event "January op"]
[Site "Calgary CAN"]
[Date "2001.10.23"]
[Round "2"]
[White "Pivovarov, Juraj"]
[Black "Nguyen, Kim"]
[Result "0-1"]
[WhiteElo "1843"]
[BlackElo "2050"]
[PlyCount "62"]
[GameId "2160767911485070"]
[EventDate "2001.10.16"]
[EventType "swiss"]
[EventRounds "6"]
[EventCountry "CAN"]
[SourceTitle "EXT 2022"]
[Source "ChessBase"]
[SourceDate "2021.10.06"]
[SourceVersion "1"]
[SourceVersionDate "2021.10.06"]
[SourceQuality "1"]

1. c4 Nf6 2. g3 g6 3. Bg2 Bg7 4. Nc3 O-O 5. e4 d6 6. Nge2 Nc6 7. d3 e5 8. O-O Nh5 9. a3 Nd4 10. h3 c6 11. g4 Nf6 12. Nxd4 exd4 13. Ne2 Ne8 14. Ng3 Nc7 15. f4 Rb8 16. Qf3 b5 17. b3 bxc4 18. bxc4 Na6 19. f5 f6 20. e5 fxe5 21. Ne4 d5 22. Bg5 dxe4 23. Bxd8 exf3 24. Bxf3 gxf5 25. Be7 Rf7 26. Bd6 Rb3 27. Bxc6 Bb7 28. Bxb7 Rbxb7 29. gxf5 Nb8 30. Rf3 Nc6 31. Raf1 Bf8 0-1

[Event "January op"]
[Site "Calgary CAN"]
[Date "2001.11.05"]
[Round "4"]
[White "Watson, Walter"]
[Black "Pivovarov, Juraj"]
[Result "1-0"]
[WhiteElo "1705"]
[BlackElo "1843"]
[PlyCount "67"]
[GameId "2160767911485071"]
[EventDate "2001.10.16"]
[EventType "swiss"]
[EventRounds "6"]
[EventCountry "CAN"]
[SourceTitle "EXT 2022"]
[Source "ChessBase"]
[SourceDate "2021.10.06"]
[SourceVersion "1"]
[SourceVersionDate "2021.10.06"]
[SourceQuality "1"]

1. c4 c5 2. Nc3 Nc6 3. g3 g6 4. Bg2 Bg7 5. d3 Nf6 6. e4 O-O 7. Nge2 a6 8. O-O Rb8 9. f4 d6 10. Rb1 Bd7 11. Nd5 b5 12. Ne3 Ne8 13. cxb5 Rxb5 14. f5 Nc7 15. Qd2 e6 16. b3 exf5 17. exf5 Nd4 18. fxg6 fxg6 19. Bb2 Nce6 20. Rxf8+ Qxf8 21. Rf1 Qd8 22. Nc4 Nxe2+ 23. Qxe2 Nd4 24. Bd5+ Kh8 25. Bxd4 Bxd4+ 26. Kg2 Bc8 27. Rf7 a5 28. Re7 Bd7 29. Nxd6 Bh3+ 30. Kxh3 Qxd6 31. Re8+ Kg7 32. Rg8+ Kh6 33. Qd2+ g5 34. Qxg5# 1-0

[Event "January op"]
[Site "Calgary CAN"]
[Date "2001.11.12"]
[Round "5"]
[White "Pivovarov, Juraj"]
[Black "Miller, Brian"]
[Result "1/2-1/2"]
[WhiteElo "1843"]
[BlackElo "1755"]
[PlyCount "33"]
[GameId "2160767911485072"]
[EventDate "2001.10.16"]
[EventType "swiss"]
[EventRounds "6"]
[EventCountry "CAN"]
[SourceTitle "EXT 2022"]
[Source "ChessBase"]
[SourceDate "2021.10.06"]
[SourceVersion "1"]
[SourceVersionDate "2021.10.06"]
[SourceQuality "1"]

1. e4 c5 2. Nf3 Nc6 3. d4 cxd4 4. Nxd4 g6 5. Be3 Bg7 6. Nc3 Nf6 7. f3 O-O 8. Bc4 Qb6 9. Qd2 Qxb2 10. Rb1 Qa3 11. Ncb5 Qa5 12. Nxc6 Qxd2+ 13. Bxd2 dxc6 14. Nc7 Rb8 15. Na6 Ra8 16. Nc7 Rb8 17. Na6 1/2-1/2

[Event "Jean-Pierre Roy mem A"]
[Site "Gatineau CAN"]
[Date "2001.09.11"]
[Round "1"]
[White "Arsenault, Michel"]
[Black "Rose, Richard"]
[Result "1-0"]
[WhiteElo "2088"]
[BlackElo "1832"]
[PlyCount "69"]
[GameId "2160767911485293"]
[EventDate "2001.09.11"]
[EventType "tourn"]
[EventRounds "5"]
[EventCountry "CAN"]
[SourceTitle "EXT 2005"]
[Source "ChessBase"]
[SourceDate "2004.11.15"]
[SourceVersion "1"]
[SourceVersionDate "2004.11.15"]
[SourceQuality "1"]

1. c4 e5 2. g3 Nf6 3. Bg2 d5 4. cxd5 Nxd5 5. Nc3 Nxc3 6. bxc3 c6 7. Nf3 Bd6 8. O-O O-O 9. d4 e4 10. Ng5 Bf5 11. Nxe4 Bxe4 12. Bxe4 Qd7 13. Bg2 f5 14. Qb3+ Kh8 15. Rb1 b6 16. Ba3 Rf6 17. Bxd6 Qxd6 18. Rfe1 Nd7 19. e4 fxe4 20. Rxe4 Raf8 21. f4 Rg6 22. Rbe1 h5 23. Re6 Rxe6 24. Rxe6 Qb8 25. Qd1 Nf6 26. Bxc6 h4 27. Qe2 hxg3 28. hxg3 g5 29. Qh2+ Kg7 30. Re7+ Rf7 31. Rxf7+ Kxf7 32. fxg5 Qd6 33. gxf6 Qxc6 34. Qh7+ Ke6 35. d5+ 1-0